Cargando...

Kanyakumari /

Detalles Bibliográficos
Autor Principal: Jayachandran, Tn
Idioma:Undetermined
Publicado: 1973.
LEADER 00373nam a2200121Ia 4500
001 61069
008 170722s9999 xx 000 0 und d
100 |a Jayachandran, Tn 
245 |a Kanyakumari / 
260 |c 1973. 
942 |c GEN 
999 |c 86209  |d 86209 
952 |0 0  |1 0  |4 0  |6 O_3231N369X_L3L31KRG  |7 0  |9 120602  |a LIB  |b LIB  |d 2017-08-12  |o O32,31N369x L3-L3;1(KRG)  |p 151418  |r 2017-08-12  |w 2017-08-12  |y GEN